[Event "HUN-chT2 Toth 1617"]
[Site "Hungary"]
[Date "2016.09.25"]
[Round "1.11"]
[White "Nagy, Gabor2222"]
[Black "Gurzo, Bence Bendeguz"]
[Result "1-0"]
[WhiteElo "1789"]
[BlackElo "1578"]
[PlyCount "27"]
[EventDate "2016.09.25"]
[EventType "team-tourn"]
[EventRounds "11"]
[EventCountry "HUN"]
[SourceTitle "EXT 2021"]
[Source "ChessBase"]
[SourceDate "2020.10.23"]
[SourceVersion "1"]
[SourceVersionDate "2020.10.23"]
[SourceQuality "1"]
[WhiteTeam "Bekes"]
[BlackTeam "Gyula"]
[WhiteTeamCountry "HUN"]
[BlackTeamCountry "HUN"]

1. e4 c6 2. d4 g6 3. c4 d5 4. Nc3 dxe4 5. Nxe4 Bg7 6. Be3 Bf5 7. Ng3 e6 8. Qd2 Ne7 9. Nf3 Nd7 10. Bh6 Bf6 11. 0-0-0 Rc8 12. Bd3 Bg4 13. Ne4 Bxf3 14. Nd6# 1-0

[Event "HUN-chT2 Toth 1415"]
[Site "Hungary"]
[Date "2014.10.12"]
[Round "3.11"]
[White "Gurzo, Bence Bendeguz"]
[Black "Miszler, Levente"]
[Result "0-1"]
[WhiteElo "1331"]
[BlackElo "1604"]
[PlyCount "76"]
[EventDate "2014.09.07"]
[EventType "team-tourn"]
[EventRounds "11"]
[EventCountry "HUN"]
[SourceTitle "EXT 2016"]
[Source "ChessBase"]
[SourceDate "2015.10.08"]
[SourceVersion "1"]
[SourceVersionDate "2015.10.08"]
[SourceQuality "1"]
[WhiteTeam "Gyula"]
[BlackTeam "Toth Laszlo"]
[WhiteTeamCountry "HUN"]
[BlackTeamCountry "HUN"]

1. e4 c5 2. Nf3 d6 3. d4 cxd4 4. Nxd4 Nf6 5. Nc3 a6 6. Bc4 e6 7. 0-0 Be7 8. Be3 0-0 9. f3 Nc6 10. Qd2 Qc7 11. Rfe1 Ne5 12. Bb3 Nc4 13. Bxc4 Qxc4 14. Qe2 Qxe2 15. Rxe2 Rd8 16. Rd1 d5 17. Nb3 Bb4 18. Red2 Bxc3 19. bxc3 Re8 20. exd5 Nxd5 21. Bc5 b6 22. Bb4 Bb7 23. Rd3 a5 24. Ba3 Ba6 25. Rd4 Nxc3 26. Re1 Ne2+ 27. Rxe2 Bxe2 28. Kf2 Ba6 29. Rd6 a4 30. Nd4 Red8 31. Nc6 Rxd6 32. Bxd6 Bb7 33. Ne7+ Kh8 34. c4 Rd8 35. c5 bxc5 36. Bxc5 Rd2+ 37. Kg3 Rxa2 38. f4 Rxg2+ 0-1